MARC

Tag First Indicator Second Indicator Subfields
LEADER 00000cam a2200000Ia 4500
001 in00000782820
005 20180423083042.0
008 860612s1986 txua bc 001 0 eng d
035 |a (OCoLC)ocm13720751 
035 |a (OCoLC)13720751 
035 |9 ADN1160AM 
040 |a IBV  |b eng  |c IBV  |d OCL  |d OCLCQ  |d TXJ  |d OCLCQ  |d CUT  |d OCLCO  |d OKS  |d OCLCF  |d TXA 
019 |a 13826310  |a 213802337 
035 |a (OCoLC)13720751  |z (OCoLC)13826310  |z (OCoLC)213802337 
043 |a n-usp-- 
050 1 4 |a Z7965.Z9  |b D67 1986 
082 4 |a 301.4120978  |b W872 
090 |a Z999  |b .D69 no.3 
049 1 |a TXA1 [DYKS] 
049 |a TXAM 
110 2 |a Dorothy Sloan--Books (Firm) 
245 1 0 |a Women in the cattle country. 
264 1 |a Austin, Texas :  |b Dorothy Sloan Books,  |c [1986] 
300 |a 160 unnumbered pages :  |b illustrations ;  |c 26 cm. 
336 |a text  |b txt  |2 rdacontent 
337 |a unmediated  |b n  |2 rdamedia 
338 |a volume  |b nc  |2 rdacarrier 
490 1 |a Catalogue ;  |v three 
500 |a Introduction dated 1986. 
500 |a "This book has been printed in an edition of 500 copies... Design & typography by William R. Holman."--Colophon. 
500 |a "Catalogue descriptions by Julie Sloan."--Title page verso. 
504 |a Includes bibliographical references and index. 
500 |a The Cushing Library/Reference copy is no. 297.  |5 TXA 
580 |a The Cushing Library/Lowman/Book Design copy forms part of the Book Design Section of the Al Lowman Printing Arts Collection and Research Archive. 
500 |a The Cushing Library/Lowman/Book Design copy is no.8 and contains a mailing envelope and an extra paper cover. 
508 |a Designed by William R. Holman. 
650 0 |a Women  |z West (U.S.)  |v Bibliography  |v Catalogs. 
650 0 |a Cowgirls  |v Bibliography  |v Catalogs. 
650 0 |a Frontier and pioneer life  |x Women  |z West (U.S.)  |v Bibliography  |v Catalogs. 
650 0 |a Booksellers' catalogs  |z Texas  |z Austin. 
610 2 0 |a Dorothy Sloan--Books (Firm)  |v Catalogs. 
650 7 |a Cowgirls.  |2 fast  |0 (OCoLC)fst00882007 
650 7 |a Women.  |2 fast  |0 (OCoLC)fst01176568 
651 7 |a United States, West.  |2 fast  |0 (OCoLC)fst01243255 
655 7 |a Bibliography  |v Catalogs.  |2 fast  |0 (OCoLC)fst01423688 
655 7 |a Catalogs.  |2 lcgft 
700 1 |a Sloan, Julie. 
700 1 |a Sloan, Dorothy. 
700 1 |a Holman, William Roger,  |e book designer. 
773 0 |t Al Lowman Printing Arts Collection and Research Archive. 
830 0 |a Catalogue (Dorothy Sloan--Books (Firm) ;  |v 3. 
994 |a C0  |b TXA 
948 |a updated  |b h  |c 2018/4/19  |d c  |e nbehmer  |f 3:25:12 pm 
999 f f |s 45f1606e-2a40-353f-876f-a5a5c8706a37  |i 38c7a841-cd33-3ccf-a7d2-3940b730a033  |t 0 
952 f f |p noncirc  |a Texas A&M University  |b College Station  |c Cushing Memorial Library & Archives  |d Cushing: Reference (Does not check out)  |t 0  |e Z999 .D69 no.3  |h Library of Congress classification  |i unmediated -- volume 
952 f f |p noncirc  |a Texas A&M University  |b College Station  |c Cushing Memorial Library & Archives  |d Cushing: Lowman (Does not check out)  |t 0  |e Z999 .D69 no.3  |h Library of Congress classification  |i unmediated -- volume 
998 f f |a Z999 .D69 no.3  |t 0  |l Cushing: Reference (Does not check out) 
998 f f |a Z999 .D69 no.3  |t 0  |l Cushing: Lowman (Does not check out)